Šport láka sponzorov
Marketing a šport. Najviac peňazí sa točí vo futbale. Aktivity sú zamerané aj na šport mládeže. Športovci reprezentujú globálne značky. Sponzori očakávajú najmä lepšie vnímanie značky. Príklad firmy Gillette.
Enregistré dans:
| Auteur principal: | |
|---|---|
| Format: | Chapitre de livre |
| Langue: | slovaque |
| Sujets: | |
| Tags: |
Pas de tags, Soyez le premier à ajouter un tag!
|
MARC
| LEADER | 00000naa a2200000 4500 | ||
|---|---|---|---|
| 001 | 0155096 | ||
| 005 | 20231010141302.1 | ||
| 041 | 0 | |a slo | |
| 044 | |a SK | ||
| 245 | 1 | 0 | |a Šport láka sponzorov |c Jozef Brezovský |
| 520 | |a Marketing a šport. Najviac peňazí sa točí vo futbale. Aktivity sú zamerané aj na šport mládeže. Športovci reprezentujú globálne značky. Sponzori očakávajú najmä lepšie vnímanie značky. Príklad firmy Gillette. | ||
| 610 | 2 | 0 | |a šport |
| 610 | 2 | 0 | |a firmy |
| 610 | 2 | 0 | |a sponzorovanie |
| 610 | 2 | 0 | |a značky výrobné |
| 610 | 2 | 0 | |a značky výrobkov |
| 610 | 2 | 0 | |a značky kvality |
| 100 | 1 | |a Brezovský, Jozef | |